| 000 | 00534nam a2200181Ia 4500 | ||
|---|---|---|---|
| 999 |
_c1756 _d1756 |
||
| 003 | OSt | ||
| 005 | 20200930145150.0 | ||
| 008 | 190216s9999||||xx |||||||||||||| ||und|| | ||
| 020 | _a9788173815195 | ||
| 040 | _coclc | ||
| 082 |
_a631.52 _bKAR/P |
||
| 100 |
_aKar, Dipak Kumar _95238 |
||
| 245 | 0 |
_aPlant Breeding And Biometry / _cDipak Kumar Kar ; Soma Halder |
|
| 260 |
_bNew Central Book Agencies, _aKolkata: _c2006. |
||
| 300 | _a238p | ||
| 650 | _aBotany | ||
| 942 |
_cBK _2ddc _h631.52 _iKAR/P _k631.52 _mKAR/P |
||